The ingredients for great teaching / (Record no. 216450)
[ view plain ]
| 000 -LEADER | |
|---|---|
| fixed length control field | 00846cam a2200253 i 4500 |
| 005 - DATE AND TIME OF LATEST TRANSACTION | |
| control field | 20260318124332.0 |
| 008 - FIXED-LENGTH DATA ELEMENTS--GENERAL INFORMATION | |
| fixed length control field | 170804s2018 caua b 001 0 eng d |
| 010 ## - LIBRARY OF CONGRESS CONTROL NUMBER | |
| LC control number | 2017951429 |
| 020 ## - INTERNATIONAL STANDARD BOOK NUMBER | |
| International Standard Book Number | 9781526423382 |
| Qualifying information | (hardback) |
| 020 ## - INTERNATIONAL STANDARD BOOK NUMBER | |
| International Standard Book Number | 9781526423399 |
| Qualifying information | (paperback) |
| 040 ## - CATALOGING SOURCE | |
| Original cataloging agency | LC |
| Language of cataloging | eng |
| Transcribing agency | UNZA |
| Description conventions | RDA |
| 100 1# - MAIN ENTRY--PERSONAL NAME | |
| Personal name | De Bryuckere, Pedro, |
| Relator term | author. |
| 245 14 - TITLE STATEMENT | |
| Title | The ingredients for great teaching / |
| Statement of responsibility, etc. | Pedro de Bruyckere ; foreword by Daniel T. Willingham. |
| 260 ## - PUBLICATION, DISTRIBUTION, ETC. | |
| Place of publication, distribution, etc. | Los Angels : |
| Name of publisher, distributor, etc. | SAGE, |
| Date of publication, distribution, etc. | 2018. |
| 300 ## - PHYSICAL DESCRIPTION | |
| Extent | xviii, 156 pages : |
| Other physical details | illustrations ; |
| 336 ## - CONTENT TYPE | |
| CONTENT TYPE | text |
| 337 ## - MEDIA TYPE | |
| MEDIA TYPE | unmediated |
| 338 ## - CARRIER TYPE | |
| CARRIER TYPE | volume |
| 504 ## - BIBLIOGRAPHY, ETC. NOTE | |
| Bibliography, etc. note | Includes bibliographical references (pages 139-152) and index. |
| 650 #0 - SUBJECT ADDED ENTRY--TOPICAL TERM | |
| Topical term or geographic name entry element | Teaching. |
| 650 #7 - SUBJECT ADDED ENTRY--TOPICAL TERM | |
| Topical term or geographic name entry element | Teaching. |
| Source of heading or term | fast |
| Authority record control number or standard number | (OCoLC)fst01144565 |
| 700 1# - ADDED ENTRY--PERSONAL NAME | |
| Personal name | Willingham, Daniel T., |
| Relator term | writer of preface. |
| 999 ## - | |
| -- | 216450 |
| -- | 216450 |
| 942 ## - ADDED ENTRY ELEMENTS (KOHA) | |
| Koha item type | Book |
No items available.